000 00440nam a22001697a 4500
003 NUST - PNEC
005 20170116181051.0
008 150929b xxu||||| |||| 00| 0 eng d
020 _a0340209623
040 _cLIBRARY
082 _a641.3 FOX
100 _911893
_aFox, Brain A.
245 _aFood science A chemical approach
_cFox, Brain A.
260 _c1977
650 _911892
_aManagement information system
_xMIS
942 _2ddc
_cBK
999 _c68401
_d68401